Online
Catalog

Gestión de riesgos para la prevención y mitigación de desastres en el patrimonio documental / (Record no. 10735)

MARC details
000 -CABECERA
campo de control de longitud fija 00926nam a2200241 a 4500
001 - NÚMERO DE CONTROL
campo de control 000010997
005 - FECHA Y HORA DE LA ÚLTIMA TRANSACCIÓN
campo de control 20240508073814.0
008 - DATOS DE LONGITUD FIJA--INFORMACIÓN GENERAL
campo de control de longitud fija 091013s2009 dr 001 0 spa d
020 ## - NÚMERO INTERNACIONAL ESTÁNDAR DEL LIBRO
Número Internacional Estándar del Libro 9789945020717
040 ## - FUENTE DE LA CATALOGACIÓN
Centro catalogador/agencia de origen DO-SdBNP
Lengua de catalogación spa
Centro/agencia transcriptor BNPHU
082 ## - NÚMERO DE LA CLASIFICACIÓN DECIMAL DEWEY
Número de clasificación xxxx
Número de documento/Ítem G393r
049 ## - FONDOS LOCALES (OCLC)
Fondos de biblioteca BNPD
245 00 - MENCIÓN DE TÍTULO
Título Gestión de riesgos para la prevención y mitigación de desastres en el patrimonio documental /
Mención de responsabilidad, etc. Sofía Borrego Alonso... [et al.] ; edición Lillibel Noemí Blanco Fernández.
260 ## - PUBLICACIÓN, DISTRIBUCIÓN, ETC.
Lugar de publicación, distribución, etc. Santo Domingo :
Nombre del editor, distribuidor, etc. Archivo General de la Nación,
Fecha de publicación, distribución, etc. 2009.
300 ## - DESCRIPCIÓN FÍSICA
Extensión 148 p. :
Otras características físicas il., retr. ;
Dimensiones 23 cm.
490 1# - MENCIÓN DE SERIE
Mención de serie Archivo General de la Nación
Designación de volumen o secuencia 84
504 ## - NOTA DE BIBLIOGRAFÍA, ETC.
Nota de bibliografía, etc. Incluye bibligrafía (p. 85 -87 )
700 1# - PUNTO DE ACCESO ADICIONAL--NOMBRE DE PERSONA
Nombre de persona Borrego Alonso, Sofía
9 (RLIN) 26415
700 1# - PUNTO DE ACCESO ADICIONAL--NOMBRE DE PERSONA
Nombre de persona Dorta Valdéz, Maritza
9 (RLIN) 26416
700 1# - PUNTO DE ACCESO ADICIONAL--NOMBRE DE PERSONA
Nombre de persona Pérez Lara, Ana
9 (RLIN) 26417
700 1# - PUNTO DE ACCESO ADICIONAL--NOMBRE DE PERSONA
Nombre de persona Mirabal Villason, Maritza
9 (RLIN) 26418
700 1# - PUNTO DE ACCESO ADICIONAL--NOMBRE DE PERSONA
Nombre de persona Blanco Fernández, Lillibel Noemí
9 (RLIN) 26150
Holdings
Estado de retiro Estado de pérdida Restricciones de uso No para préstamo Código de colección Localización permanente Ubicación/localización actual Ubicación en estantería Fecha de adquisición Número de inventario Total de préstamos Signatura topográfica completa Código de barras Fecha visto por última vez Número de copia Precio válido a partir de Tipo de ítem Koha Nota pública
        Dominicana de Servicio General General Depósito 13.10.2009 LF1   xxxx G393r 10997-30 25.06.2020 e. 3 25.06.2020 Libro y Folleto Colección Dominicana de Servicio  
        Dominicana de Servicio General General Depósito 14.05.2013 LF1   xxxx G393r 10997-40 25.06.2020 e. 4 25.06.2020 Libro y Folleto Colección Dominicana de Servicio  
        Dominicana de Servicio General General Depósito 26.06.2015 LF1   xxxx G393r 10997-50 25.06.2020 e. 5 25.06.2020 Libro y Folleto Colección Dominicana de Servicio Perteneció a la biblioteca personal de Chiqui Vicioso / Fidelio Despradel.
      Excluido de préstamo Patrimonio Dominicano Patrimonio Dominicano Patrimonio Dominicano Depósito 13.10.2009 LF1   xxxx G393r 10997-10 25.06.2020   25.06.2020 Libro y Folleto Colección Patrimonio Dominicano  
      Excluido de préstamo Patrimonio Dominicano Patrimonio Dominicano Patrimonio Dominicano Depósito 13.10.2009 LF1   xxxx G393r 10997-20 25.06.2020 e. 2 25.06.2020 Libro y Folleto Colección Patrimonio Dominicano  

Powered by Koha